Things fall apart illustrated
Сохранить в:
| Главный автор: | |
|---|---|
| Формат: | |
| Язык: | английский |
| Опубликовано: |
Bookcraft,
2008
|
| Метки: |
Добавить метку
Нет меток, Требуется 1-ая метка записи!
|
MARC
| LEADER | 00000nam a22000007a 4500 | ||
|---|---|---|---|
| 008 | 210408b ||||| |||| 00| 0 eng d | ||
| 020 | |a 978-978-8135-03-6 | ||
| 100 | |a ACHEBE, Chinua | ||
| 245 | |a Things fall apart |b illustrated |c Chinua Achebe |e [A special 50th anniversary ed.] |g 225p. | ||
| 260 | |b Bookcraft, |c 2008 |h Ibadan |i 688972 |l PR9387.9 .Ac1 |m Igbo (African people) – Fiction |m British – Nigeria – Fiction |m Men – Nigeria – Fiction | ||
| 942 | |a lcc |c BK |e ADEKANYE, I.H. |f 08/04/2021 | ||
| 952 | |0 0 |1 0 |2 lcc |4 0 |6 PR93879 A C1 |7 0 |9 2054 |a HOL |b HOL |c LP |d 2021-04-08 |l 0 |o PR9387.9 .Ac1 |p 2021-5911 |r 2021-04-08 00:00:00 |w 2021-04-08 |y BK | ||
| 999 | |c 1067 |d 1067 | ||